<?xml version="1.0" encoding="UTF-8"?><?xml-stylesheet type="text/xsl" href="static/style.xsl"?><OAI-PMH xmlns="http://www.openarchives.org/OAI/2.0/" xmlns:xsi="http://www.w3.org/2001/XMLSchema-instance" xsi:schemaLocation="http://www.openarchives.org/OAI/2.0/ http://www.openarchives.org/OAI/2.0/OAI-PMH.xsd"><responseDate>2026-04-14T13:46:57Z</responseDate><request verb="GetRecord" identifier="oai:uvadoc.uva.es:10324/14432" metadataPrefix="marc">https://uvadoc.uva.es/oai/request</request><GetRecord><record><header><identifier>oai:uvadoc.uva.es:10324/14432</identifier><datestamp>2025-02-20T09:47:29Z</datestamp><setSpec>com_10324_38</setSpec><setSpec>col_10324_852</setSpec></header><metadata><record xmlns="http://www.loc.gov/MARC21/slim" xmlns:doc="http://www.lyncode.com/xoai" xmlns:xsi="http://www.w3.org/2001/XMLSchema-instance" xmlns:dcterms="http://purl.org/dc/terms/" xsi:schemaLocation="http://www.loc.gov/MARC21/slim http://www.loc.gov/standards/marcxml/schema/MARC21slim.xsd">
<leader>00925njm 22002777a 4500</leader>
<datafield tag="042" ind1=" " ind2=" ">
<subfield code="a">dc</subfield>
</datafield>
<datafield tag="720" ind1=" " ind2=" ">
<subfield code="a">Fernández García, Míriam</subfield>
<subfield code="e">author</subfield>
</datafield>
<datafield tag="260" ind1=" " ind2=" ">
<subfield code="c">2015</subfield>
</datafield>
<datafield tag="520" ind1=" " ind2=" ">
<subfield code="a">Los problemas y conflictos es algo habitual en una sociedad como la nuestra en la que predominan las relaciones sociales con nuestros iguales, sin embargo no nos han preparado para su resolución de manera pacífica y usando como base el diálogo y la comunicación. Por ello es necesario empezar a dotar a las nuevas generaciones con herramientas y técnicas que les ayuden a saber enfrentarse a aquellos problemas que les puedan ir surgiendo a lo largo de la vida.&#xd;
Una de las mejores maneras de que puedan desarrollar las competencias sociales necesarias para la resolución de conflicto de una manera pacífica es que, desde edades tempranas, empiecen a llevar a cabo técnicas de resolución de conflictos en las cuales no exista un vencedor ni un vencido, si no que entre ambas partes se intente llegar a un acuerdo o a una posible solución sin utilizar la violencia, ya sea verbal o física.</subfield>
</datafield>
<datafield tag="024" ind2=" " ind1="8">
<subfield code="a">http://uvadoc.uva.es/handle/10324/14432</subfield>
</datafield>
<datafield ind1=" " ind2=" " tag="653">
<subfield code="a">[Pendiente de asignar]</subfield>
</datafield>
<datafield tag="245" ind1="0" ind2="0">
<subfield code="a">Mediación escolar y resolución de conflictos en centros de Educación Primaria</subfield>
</datafield>
</record></metadata></record></GetRecord></OAI-PMH>